000 01612nam a2200385 c 4500
003 BLK
005 20180420214739.0
008 180412b bul|||||r ||||||| ||bul||
010 _aKNG00013944000
020 _a954-8575-12-4
_bиздат.: Нов ден
040 _aBLK
041 _aBUL
_cBUL
080 _aИстория на Русия и СССР. Вж и 936 ; 957
_b94(470)
_x(092)
_z94(470)(092)
080 _aСъветска дипломатка
_b929 Колонтай, Александра
_x
_z929 Колонтай, Александра
080 _aРуска литература
_b821.161.1
_x-94
_z821.161.1-94
100 1 _aИцелев, Леонид
_eпърви автор
_973243
700 1 _aЦонева, Йорданка
_eпрев. от рус.
_9257457
139 _aИцелев, Леонид
_bК 79
245 1 0 _aАлександра Колонтай
_bДипломат, феминистка и... любовница
_cЛеонид Ицелев; прев. от рус. Йорданка Цонева.
257 _aRUS
260 София
_bНов ден
_c1996
300 _a268 с.
_c21 см
380 _a3
490 1 _aБиблиотека Нов ден
_v13
500 _aБез сведение за ориг. загл. - 300 тир.
600 1 4 _aКолонтай, Александра
_9221836
650 4 _aДипломати, съветски
_9257458
653 _aдипломати
653 _aистория
852 _aЦб 190204
856 4 _qpdf
_u
856 4 _qpdf
_u
942 _cKNG
_n0
944 _aCR
_c14.03.2003
_kAB_DOS
944 _aED
_c19.02.2018
_kТеодора_Стоянова
999 _c12352
_d12352